000 00405nam a2200109Ia 4500
008 200302s9999 xx 000 0 und d
020 _a9789719811534
245 _cEdited by Jose Jurel M. Nuevo.--
_aHealth information system for medical laboratory science /
260 _aQuezon City:
_bC & E Publishing
_c2019
300 _a180 pages :
_bblack and white illustrations;
650 _aHealth information system.
999 _c363065
_d363065